| 000 | 00440cam a2200181ua 4500 | ||
|---|---|---|---|
| 001 | 7866 | ||
| 008 | 160624n1997 II |||gr||||Z||||||eng | ||
| 040 | _aMAIN | ||
| 041 | _aEnglish | ||
| 082 | _a540 POD | ||
| 100 | _aPODDAR, S. N. | ||
| 245 | _aHIGHER SECONDARY CHEMISTRY | ||
| 260 |
_aKOLKATA _bBOOK SYNDICATE _c1997 |
||
| 300 |
_a656: _c24CM. |
||
| 653 | _aChemistry & allied sciences | ||
| 700 |
_aPODDAR, S. N., _eAuthor. |
||
| 942 | _cBK | ||
| 999 |
_c7849 _d7849 |
||